000 00603nam a2200193 ar4500
001 1007
005 20221127090105.0
008 080804s xxu a 00110 eng d
020 _a1400041201 :
_cSR154.00
082 0 4 _a614.514
_bJ637 2006
_222
100 1 _aJohnson, Steven.
245 1 4 _aThe ghost map :
_bthe story of London's most terrifying epidemic ... /
_cS. Johnson.
260 _aNew York :
_bRiverhead Books,
_c2006.
300 _a299 p. :
_bill. ;
_c24 cm.
504 _aIncludes bibl. references and index.
650 4 _aCholera
_zLondon
_xHistory
650 4 _aDiseases.
650 4 _aInfections.
999 _c1006
_d1006